Principles of South African Company Law / (Record no. 275)

MARC details
000 -LEADER
fixed length control field 00547nam a22001697a 4500
005 - DATE AND TIME OF INPUT
control field 20231103071834.0
008 - DATA ELEMENTS--GENERAL INFORMATION
fixed length control field 231103b |||||||| |||| 00| 0 eng d
041 ## - LANGUAGE CODE
Language code of text English
082 ## - SHELF NUMBER
DDC number 346.6 EMM
100 ## - MAIN AUTHOR
Main author's name Emmett, E and Barlow, TB
Language of a work English
245 ## - TITLE STATEMENT
Title Principles of South African Company Law /
Statement of responsibility, etc. E Emmett and TB Barlow
250 ## - EDITION STATEMENT
Edition statement Sixth Edition
260 ## - PUBLICATION, DISTRIBUTION, ETC.
Place of publication, distribution, etc. Cape Town :
Name of publisher, distributor, etc. Juta and Company Ltd,
Date of publication, distribution, etc. 1969
300 ## - PHYSICAL DESCRIPTION
Other physical details xxxiii, 377 pages ;
Dimensions 22,5 cm.
650 ## - SUBJECT`
Broad subject Legal practice
Own subject terms Law
942 ## - ADDED ENTRY ELEMENTS (KOHA)
Item type Books
942 ## - ADDED ENTRY ELEMENTS (KOHA)
-- ALISON_BN_VRIES
Holdings
Source of classification or shelving scheme Not for loan Collection code Home library Current library Shelving location Date acquired Full call number Barcode Price effective from Koha item type
Dewey Decimal Classification   TEXT BOOKS LAW SOCIETY OF NAMIBIA LIBRARY - WINDHOEK LAW SOCIETY OF NAMIBIA LIBRARY - WINDHOEK Corporate, commercial and company law 11/03/2023 346.6 EMM LSN/1987/264 11/03/2023 Books